000 00694nam a2200217 i 4500
001 C2-0168055
003 PPAK
005 20180727133855.0
008 980709s1989 my |||| ||||| | eng d
040 _aPPAK
_beng
_cPPAK
_erda
082 0 4 _a297.07
_223
090 0 0 _a297.07
_bASP
_dKIH
245 0 0 _aAspects of development :
_bIslamic education in Thailand and Malaysia
264 1 _aBangi, Selangor :
_bInstitute of Malay Language, Literature and Culture, Universiti Kebangsaan Malaysia ,
_c1989
300 _a134 pages ;
_c25 cm
336 _2rdacontent
_atext
337 _2rdamedia
_aunmediated
338 _2rdacarrier
_avolume
700 1 _aScupin, Raymond,
_eeditor
942 _ddc
_cB
999 _c49801
_d49801